Itinerario espiritual del cristianismo /

Guardado en:
Bibliografiske detaljer
Hovedforfatter: Martini, Carlo Maria (autor)
Format: Bog
Sprog:spansk
Udgivet: Bogotá, Colombia : Ediciones Paulinas, 1986, c1986
Tags: Tilføj Tag
Ingen Tags, Vær først til at tagge denne postø!

MARC

LEADER 00000nam^a2200000^a^4500
001 000446075
005 20250521000000.0
009 20260310123559.118
020 |a 958-607-022-0 
037 |a Acervo Xavier Clavigero 
041 |a ESP 
091 |a FCA. 01269 
100 |a Martini, Carlo Maria  |e (autor) 
245 1 0 |a Itinerario espiritual del cristianismo / 
264 4 |a Bogotá, Colombia :  |b Ediciones Paulinas,  |c 1986, c1986 
300 |a 149 p. 
336 |a texto  |b txt  |2 rdacontenido 
337 |a sin mediación  |b n  |2 rdamedio 
338 |a volumen  |b nc  |2 rdasoporte 
649 |a XX 
910 |a Fondo Xavier Cacho Vázquez S.J. 
920 |a Impresos - Libros 
930 |a Fondos Especiales 
905 |a 131 
901 |a 0500370653  |b IT2  |c ESP  |i D  |u 20250521 
902 |a https://opac.biblio.iteso.mx/vufind/Record/000446075